Evolution Religion And The Unknown God/ (Record no. 201160)

MARC details
000 -LEADER
fixed length control field 00605nam a22001937a 4500
005 - DATE AND TIME OF LATEST TRANSACTION
control field 20240301162704.0
010 ## - LCCN (DPL NO)
LC control number EN-139430
020 ## - INTERNATIONAL STANDARD BOOK NUMBER
International Standard Book Number 9788191067385
Terms of availability 595
035 ## - SYSTEM CONTROL NUMBER
System control number EN-122962
037 ## - SOURCE OF ACQUISITION
Source of stock number/acquisition DBAD/PUB
082 ## - DEWEY DECIMAL CLASSIFICATION NUMBER
Classification number 200
Edition number 1
Item number 1
100 ## - MAIN ENTRY--PERSONAL NAME
Personal name Vrekhem,Georges Van
245 ## - TITLE STATEMENT
Title Evolution Religion And The Unknown God/
Statement of responsibility, etc By Georges Van Vrekhem
Medium English
260 ## - PUBLICATION, DISTRIBUTION, ETC. (IMPRINT)
Place of publication, distribution, etc New Delhi
Name of publisher, distributor, etc An Imprint of Manjul Publishing Pvt. Ltd
Date of publication, distribution, etc 2011
270 ## - ADDRESS
Address Jor Bagh Lane New Delhi
City New Delhi
Postal code 110003
300 ## - PHYSICAL DESCRIPTION
Extent 292Pages
Dimensions 24.cm pbk
760 ## - MAIN SERIES ENTRY
Edition 1
942 ## - ADDED ENTRY ELEMENTS (KOHA)
Item type English Books
Classification part 200
Source of classification or shelving scheme Dewey Decimal Classification
Call number suffix VRE
Edition 2011
Holdings
Withdrawn status Lost status Not for loan Collection code Home library Current library Date acquired Source of acquisition Cost, normal purchase price Full call number Barcode Copy number Cost, replacement price Koha item type
      Non-fiction Peshwa Road Peshwa Road 29/02/2024 DBAD/PUB 595.00 200 VRE EN-122962 1 595.00 English Books

© Delhi Public Library
Hit Counter
free hit counter